000 00341nam a2200145 a 4500
008 980710s1973||||xx 0 und c
040 _aSNK
_bslo
_cSNK
_eAACR2
100 1 _aKidson, Peter
245 1 0 _aRománské a gotické umění
260 _aPraha
_bArtia
_c1973
300 _a198 s.
044 _axo
_cSK
041 _aslo
020 _c95
999 _c14972
_d14972